|
|
แสดงรายละเอียดบรรณานุกรม |
|
|
Brief Record
: Get Marc (ISO 2709)
: E-mail record
: |
|
|
| LEADER 00000nam 2200000uu 4500 | |||
| 001 211636 | |||
| 003 ULIBM | |||
| 008 170707s||||||||th 000 0 tha d | |||
| 020 ^a9786162540080 | |||
| 041 ^atha | |||
| 090 ^aนว จ758 2554 | |||
| 100 0 ^aเจ้าหญิงอาราเล่น้อย | |||
| 245 00 ^a90 วันกับภารกิจพิชิตใจ นายมือกลองสุดหล่อ/^bเจ้าหญิงอาราเล่น้อย | |||
| 260 ^aกรุงเทพฯ:^bแฮปปี่บุ๊คส์,^c2554 | |||
| 300 ^a208หน้า | |||
| 650 4 ^aนวนิยายไทย | |||
| 999 ^aใช้งานได้ทุกระบบ | |||
| คุณยังไม่ได้ล็อกอิน คุณสามารถมีกิจกรรมร่วมกับเว็บไซต์ได้ แต่ต้องล็อกอินก่อน :: |
|
| สถานะ | |||||||||
| 1. | นวนิยาย | นว จ758 2554 | On Shelf ขอยืม | ||||||
| Note:บริจาค | |||||||||
| [แสดง 1/1 รายการ] | |||||||||
| รายการใกล้เคียง หัวเรื่อง [นวนิยายไทย] |
BibComment |
| คอมเมนท์ทรัพยากรรายการนี้ |
|
|